[Event "AUTO-ADV-4161"]
[Site "http://www.queenalice.com/game.php?id=1582247"]
[Date "2019.9.2"]
[Round "2"]
[White "pedone"]
[Black "Asspain"]
[Result "0-1"]
[WhiteElo "1948"]
[BlackElo "2118"]

1. e4 e6 2. d4 d5 3. e5 c5 4. c3 Nc6 5. Nf3 Qb6 6. Be2 cxd4 7. cxd4 Nh6 8. Nc3
Nf5 9. Na4 Qa5+ 10. Bd2 Bb4 11. Bxb4 Qxb4+ 12. Nc3 Nfxd4 13. a3 Qxb2 14. Rc1
Nxf3+ 15. Bxf3 Qxa3 16. O-O O-O 17. Re1 Bd7 18. Re3 d4 19. Nb5 Qe7 20. Rb3 Nxe5
21. Bxb7 Rab8 22. Nxa7 Ba4 23. Nc8 Qf6 24. Nd6 Bxb3 25. Qxb3 d3 26. Ne4 Qf4 27.
Re1 d2 28. Rb1 Qxe4 0-1

[Event "AUTO-ADV-4161"]
[Site "http://www.queenalice.com/game.php?id=1582248"]
[Date "2019.9.2"]
[Round "2"]
[White "Asspain"]
[Black "pedone"]
[Result "0-1"]
[WhiteElo "2124"]
[BlackElo "1924"]

1. e4 c6 2. d4 d5 3. f3 e6 4. Bf4 Qb6 5. b3 Nf6 6. e5 Nh5 7. Be3 g6 8. Nh3 Ng7
9. Bd3 Nf5 10. Bxf5 exf5 11. O-O Bg7 12. Nc3 O-O 13. Ne2 Bxe5 14. Qd2 Bg7 15.
Bh6 Re8 16. Bxg7 Kxg7 17. Rae1 Na6 18. Nef4 Bd7 19. Nf2 Nb4 20. c3 Na6 21. N2d3
Qc7 22. Ne5 Bc8 23. Re2 f6 24. Ned3 Bd7 25. Rfe1 g5 26. Ne6+ Bxe6 27. Rxe6 Kf7
28. Qe2 Qd7 29. Rxe8 Rxe8 30. Qxe8+ Qxe8 31. Rxe8 Kxe8 32. f4 Nc7 33. Nc5 b6 34.
Nd3 Nb5 35. fxg5 fxg5 36. Ne5 Nxc3 37. Nxc6 a5 38. b4 a4 39. a3 Nb5 0-1

[Event "AUTO-ADV-4161"]
[Site "http://www.queenalice.com/game.php?id=1582249"]
[Date "2019.9.2"]
[Round "2"]
[White "pedone"]
[Black "MarcosT"]
[Result "0-1"]
[WhiteElo "1939"]
[BlackElo "1972"]

1. e4 g6 2. Nf3 Bg7 3. d4 d6 4. c3 Nf6 5. Nbd2 O-O 6. Bc4 Nc6 7. a3 Bg4 8. Be2
e5 9. d5 Ne7 10. O-O c6 11. c4 b6 12. b3 Rc8 13. Bb2 cxd5 14. exd5 e4 15. Nd4
Bxe2 16. Qxe2 Re8 17. Rab1 Nh5 18. Nxe4 Nf4 19. Qf3 Be5 20. Nb5 Nf5 21. Nxa7
Ne2+ 22. Qxe2 Bxh2+ 23. Kxh2 Qh4+ 24. Kg1 Rxe4 25. Qf3 Rce8 26. Nb5 Qd8 27. a4
Rh4 28. g4 Qg5 29. Rfe1 Rxg4+ 30. Kf1 Rg1# 0-1

[Event "AUTO-ADV-4161"]
[Site "http://www.queenalice.com/game.php?id=1582250"]
[Date "2019.9.2"]
[Round "2"]
[White "MarcosT"]
[Black "pedone"]
[Result "1-0"]
[WhiteElo "2001"]
[BlackElo "1948"]

1. e4 c6 2. d4 d5 3. exd5 cxd5 4. c4 Nf6 5. Nc3 a6 6. cxd5 Nxd5 7. Bc4 Nf6 8.
Bg5 Qb6 9. Bb3 Nbd7 10. Nf3 e6 11. O-O Be7 12. Ne5 Qc7 13. Rc1 Qb8 14. Nxd7 Nxd7
15. Bxe7 Kxe7 16. d5 Nf6 17. dxe6 fxe6 18. Re1 Rd8 19. Qe2 Rd6 20. f4 b5 21. f5
Ra7 22. Rcd1 Qb6+ 23. Kh1 Kf7 24. fxe6+ Ke7 25. Rxd6 Qxd6 26. Qf2 Rc7 27. Nd5+
Kd8 28. Nxc7 Kxc7 29. Qa7+ Kd8 30. Rd1 1-0

[Event "AUTO-ADV-4245"]
[Site "http://www.queenalice.com/game.php?id=1586202"]
[Date "2019.10.9"]
[Round "1"]
[White "Daniel1962"]
[Black "pedone"]
[Result "0-1"]
[WhiteElo "1823"]
[BlackElo "1933"]

1. d4 d5 2. Bf4 Nf6 3. e3 c6 4. Nf3 Bg4 5. Be2 Qb6 6. b3 h6 7. Ne5 Bxe2 8. Qxe2
e6 9. Nc3 Bb4 10. Qd3 Ne4 11. O-O Bxc3 12. Rad1 Qa5 13. a4 Bb4 14. f3 Nf6 15. e4
O-O 16. Qe3 Nbd7 17. Nxd7 Nxd7 18. exd5 cxd5 19. Be5 Rac8 20. Rf2 Rc6 21. f4 f6
22. Bxf6 Nxf6 23. Qh3 Ne4 24. Rf3 Rf6 25. f5 exf5 26. Rxf5 Rxf5 27. Qxf5 Be1 28.
Rc1 Rf6 29. Qc8+ Kh7 30. h3 Qb4 31. Qd7 Qxd4+ 32. Kh2 Bg3+ 33. Kh1 Nf2+ 34. Kg1
Nd3+ 35. Kh1 Nxc1 0-1

[Event "AUTO-ADV-4245"]
[Site "http://www.queenalice.com/game.php?id=1586203"]
[Date "2019.10.9"]
[Round "1"]
[White "pedone"]
[Black "Daniel1962"]
[Result "0-1"]
[WhiteElo "1934"]
[BlackElo "1895"]

1. e4 Nf6 2. d3 e5 3. Nf3 d6 4. c3 Nc6 5. Be2 Bg4 6. Nbd2 d5 7. exd5 Nxd5 8. Nc4
Nf4 9. Ncxe5 Nxe5 10. Nxe5 Bxe2 11. Qa4+ c6 12. Qxf4 f6 13. Nxc6 bxc6 14. Kxe2
Bd6 15. Qe4+ Kf7 16. Qxc6 Re8+ 17. Kf3 Qe7 18. Qe4 Qd7 19. Qxh7 Qc6+ 20. Kg4
Qxg2+ 21. Kh5 Qh3# 0-1

[Event "AUTO-ADV-4245"]
[Site "http://www.queenalice.com/game.php?id=1586230"]
[Date "2019.10.9"]
[Round "1"]
[White "pedone"]
[Black "MarcosT"]
[Result "0-1"]
[WhiteElo "1916"]
[BlackElo "2029"]

1. e4 c5 2. Nc3 Nc6 3. Nf3 d6 4. Bc4 Nf6 5. O-O a6 6. a4 e6 7. Ba2 Be7 8. d3 h6
9. h3 O-O 10. Re1 e5 11. Kh2 Nd4 12. Nb1 Nxf3+ 13. Qxf3 Qa5 14. Bd2 Qd8 15. Nc3
Be6 16. b3 Rc8 17. Bb1 d5 18. Bc1 d4 19. Nd5 Nxd5 20. exd5 Bxd5 21. Qg3 e4 22.
Bxh6 Bd6 23. f4 exf3 24. Bf4 Bxf4 25. Qxf4 fxg2 26. Ba2 b5 27. Re5 Ba8 28. Rae1
Rc6 29. Rh5 Rf6 30. Rf5 Re8 31. Rxe8+ Qxe8 32. Rxf6 Qe1 0-1

[Event "AUTO-ADV-4245"]
[Site "http://www.queenalice.com/game.php?id=1586231"]
[Date "2019.10.9"]
[Round "1"]
[White "MarcosT"]
[Black "pedone"]
[Result "1-0"]
[WhiteElo "1962"]
[BlackElo "1945"]

1. e4 c6 2. Nf3 d5 3. h3 dxe4 4. Ne5 Qd5 5. d4 e6 6. Nc3 Qa5 7. Bd2 Qb4 8. Rb1
Qxd4 9. Bf4 Bc5 10. Qe2 Bb4 11. Rd1 Bxc3+ 12. bxc3 Qxc3+ 13. Qd2 Qxd2+ 14. Rxd2
Na6 15. Bxa6 bxa6 16. Nxc6 Bd7 17. Ne5 Bb5 18. c4 Ba4 19. O-O h5 20. c5 Ne7 21.
Rc1 f6 22. Nc4 e5 23. Nd6+ Kf8 24. Be3 Bc6 25. Rc4 g6 26. Nxe4 Kg7 27. Rd6 Rhf8
28. Kh2 Rab8 29. f4 Rb2 30. fxe5 fxe5 31. Bg5 Bxe4 32. Rxe4 Rff2 33. Bh4 Rxg2+
34. Kh1 Rh2+ 35. Kg1 Rbg2+ 36. Kf1 g5 37. Be1 Rxa2 38. Kg1 Nf5 39. Rd7+ Kf6 40.
c6 Rhc2 41. c7 Ra1 42. Rd3 Rxc7 43. Kf2 h4 44. Re2 a5 45. Bc3 Rxc3 46. Rxc3 Rb1
47. Rc6+ Kg7 48. Rxe5 Rb2+ 49. Ke1 Rb1+ 50. Kd2 Nh6 51. Rxg5+ Kh7 52. Rh5 Rb2+
53. Kc1 Rb6 54. Rhxh6+ Kg7 55. Rxb6 1-0

[Event "Challenge"]
[Site "http://www.queenalice.com/game.php?id=1589633"]
[Date "2019.11.10"]
[Round "-"]
[White "pedone"]
[Black "szachowykat"]
[Result "0-1"]
[WhiteElo "1834"]
[BlackElo "1987"]

1. e4 e6 2. d4 d5 3. e5 c5 4. c3 Nc6 5. Nf3 Bd7 6. Be2 Qb6 7. O-O Rc8 8. Re1
cxd4 9. cxd4 Nb4 10. Nc3 a6 11. a3 Nc6 12. Na4 Qa7 13. b4 b6 14. Bb2 Nge7 15.
Rc1 g6 16. Nc3 Bh6 17. Rb1 O-O 18. b5 Nb8 19. a4 a5 20. Qd3 Bg7 0-1

[Event "AUTO-ADV-4265"]
[Site "http://www.queenalice.com/game.php?id=1590821"]
[Date "2019.11.21"]
[Round "1"]
[White "jpribeiro"]
[Black "pedone"]
[Result "1-0"]
[WhiteElo "2068"]
[BlackElo "1900"]

1. e4 c6 2. d4 d5 3. Nd2 dxe4 4. Nxe4 Bf5 5. Ng3 Bg6 6. h4 h6 7. Nf3 Nd7 8. h5
Bh7 9. Bd3 Bxd3 10. Qxd3 Ngf6 11. Bf4 Nd5 12. Bd2 e6 13. O-O-O Bb4 14. Bxb4 Nxb4
15. Qb3 a5 16. a3 Nd5 17. Qxb7 Rc8 18. Qa6 O-O 19. Qf1 c5 20. dxc5 Rxc5 21. Ne4
Rc6 22. Ne5 Nxe5 23. f4 Nc4 24. Qd3 1-0

[Event "AUTO-ADV-4265"]
[Site "http://www.queenalice.com/game.php?id=1590822"]
[Date "2019.11.21"]
[Round "1"]
[White "pedone"]
[Black "jpribeiro"]
[Result "0-1"]
[WhiteElo "1872"]
[BlackElo "2086"]

1. e4 e5 2. Nf3 Nf6 3. Nc3 Nc6 4. Bc4 Na5 5. Nxe5 Nxc4 6. Nxc4 Bb4 7. d3 d5 8.
exd5 Nxd5 9. Bd2 Nxc3 10. bxc3 Be7 11. Rb1 O-O 12. d4 Re8 13. O-O c5 14. Be3 Qd5
15. Qd3 Bf5 16. Qe2 cxd4 17. cxd4 b5 18. Na3 Bxa3 19. Rxb5 Qe4 20. Rb3 Be7 21.
c4 Bg5 22. Qd2 Bxe3 23. Rxe3 Qc6 24. c5 Rxe3 25. fxe3 Be6 26. Rb1 Bf5 27. Rc1
Rd8 28. Qf2 Be6 29. a3 Rb8 30. h3 Qa4 31. Rc3 Rb3 0-1

[Event "AUTO-ADV-4265"]
[Site "http://www.queenalice.com/game.php?id=1590837"]
[Date "2019.11.21"]
[Round "1"]
[White "noroc"]
[Black "pedone"]
[Result "1-0"]
[WhiteElo "2022"]
[BlackElo "1882"]

1. d4 d5 2. Nf3 Nf6 3. Bg5 c6 4. e3 e6 5. Bd3 Be7 6. O-O Nbd7 7. c4 dxc4 8. Bxc4
Ne4 9. Bxe7 Qxe7 10. Nc3 Nef6 11. Rc1 O-O 12. a3 b5 13. Ba2 a5 14. Bb1 Rd8 15.
Ne4 Bb7 16. Qd3 Nxe4 17. Qxe4 Nf6 18. Qd3 a4 19. Ng5 h6 20. Ne4 Nxe4 21. Qxe4 f5
22. Qe5 Rd5 23. Qg3 Qf6 24. Ba2 Rd7 25. Rc5 Kh8 26. Rfc1 Rad8 27. Qf4 g5 28. Qe5
Kg7 29. Qxe6 Qxe6 30. Bxe6 Rd6 31. Bxf5 1-0

[Event "AUTO-ADV-4265"]
[Site "http://www.queenalice.com/game.php?id=1590838"]
[Date "2019.11.21"]
[Round "1"]
[White "pedone"]
[Black "noroc"]
[Result "0-1"]
[WhiteElo "1923"]
[BlackElo "2000"]

1. e4 e5 2. Nf3 Nc6 3. Bc4 Bc5 4. c3 Nf6 5. b4 Bb6 6. a4 Nxe4 7. O-O d5 8. Bd3
Nxf2 9. Rxf2 Bxf2+ 10. Kxf2 e4 11. Qe2 O-O 12. Bxe4 dxe4 13. Qxe4 Re8 14. Qf4
Qd3 15. Ng1 Bf5 16. Na3 Re6 17. Nb5 Rae8 18. Ba3 Rf6 19. Nf3 Re2+ 20. Kg1 Be4
21. Qxc7 Rxg2+ 22. Kxg2 Qxf3+ 0-1

[Event "AUTO-ADV-4265"]
[Site "http://www.queenalice.com/game.php?id=1590847"]
[Date "2019.11.21"]
[Round "1"]
[White "ebpap123"]
[Black "pedone"]
[Result "1-0"]
[WhiteElo "1878"]
[BlackElo "1849"]

1. e4 c6 2. d4 d5 3. Nc3 dxe4 4. Nxe4 Bf5 5. Ng3 Bc8 6. Nf3 Nf6 7. Bc4 Nbd7 8.
O-O b5 9. Bb3 a5 10. a3 e6 11. Re1 Bb7 12. c3 Qc7 13. Bd2 Bd6 14. Qc2 a4 15. Ba2
O-O 16. Bg5 Rfe8 17. Bxf6 Nxf6 18. Ng5 Bc8 19. Bb1 g6 20. Ba2 Bf4 21. Nf3 Bb7
22. Nd2 c5 23. dxc5 Qxc5 24. Nde4 Nxe4 25. Nxe4 Qc6 26. f3 Kg7 27. Rad1 Qb6+ 28.
Kh1 f5 29. Ng3 Rad8 30. Ne2 Rxd1 31. Rxd1 Bd6 32. Qd2 Bf8 33. Qd4+ Qxd4 34. Rxd4
Kh6 35. h3 Bc5 36. Rd1 e5 37. Ng3 Kg5 38. c4 Bf2 39. Kh2 1-0

[Event "AUTO-ADV-4265"]
[Site "http://www.queenalice.com/game.php?id=1590848"]
[Date "2019.11.21"]
[Round "1"]
[White "pedone"]
[Black "ebpap123"]
[Result "0-1"]
[WhiteElo "1865"]
[BlackElo "1862"]

1. e4 c5 2. Nf3 d6 3. Bc4 Nf6 4. Ng5 e6 5. d3 a6 6. a4 Be7 7. Ba2 Qa5+ 8. Nc3
Nc6 9. O-O O-O 10. Re1 Qc7 11. h3 Rb8 12. b3 Bd7 13. Ne2 b5 14. axb5 axb5 15.
Bb1 Ra8 16. Bb2 Rxa1 17. Bxa1 Ra8 18. Bb2 d5 19. exd5 exd5 20. Nf3 Be6 21. Ng3
Bd6 22. Bxf6 gxf6 23. Nh5 Be7 24. d4 cxd4 25. Nxd4 Nxd4 26. Qxd4 Qd8 27. Rxe6
fxe6 28. Qg4+ Kf7 29. Qg7+ Ke8 30. Qxh7 Kd7 31. Nxf6+ Kd6 32. Ng4 Ra1 33. c3 Qa5
34. Qc2 Qa7 35. Kh2 Qc5 36. b4 Qc6 37. Qb2 Ra8 38. Qe2 Ra3 0-1

[Event "Challenge"]
[Site "http://www.queenalice.com/game.php?id=1591005"]
[Date "2019.11.23"]
[Round "-"]
[White "jpribeiro"]
[Black "pedone"]
[Result "1-0"]
[WhiteElo "2058"]
[BlackElo "1910"]

1. e4 c6 2. d4 d5 3. exd5 cxd5 4. c4 Nf6 5. Qa4+ Bd7 6. Qb3 Bc6 7. Nc3 e6 8. Nf3
Nbd7 9. Be2 dxc4 10. Qxc4 Nb6 11. Qd3 a6 12. Bd2 Bd6 13. O-O-O Rc8 14. Kb1 Na4
15. Nxa4 Bxa4 16. b3 Bb5 17. Qe3 Nd5 18. Bxb5+ axb5 19. Qe2 Qd7 20. Rc1 Rxc1+
21. Rxc1 O-O 22. Ng5 h6 23. Ne4 Bc7 24. Nc5 Qc6 25. Ne4 Qb6 26. Rc5 1-0

[Event "Challenge"]
[Site "http://www.queenalice.com/game.php?id=1591006"]
[Date "2019.11.23"]
[Round "-"]
[White "pedone"]
[Black "jpribeiro"]
[Result "0-1"]
[WhiteElo "1891"]
[BlackElo "2077"]

1. e4 e5 2. Nf3 Nf6 3. Nc3 Nc6 4. Bc4 d6 5. d3 Bg4 6. Nb1 Na5 7. Nbd2 Nxc4 8.
dxc4 c5 9. O-O Be7 10. c3 O-O 11. Re1 h6 12. b4 b6 13. Qc2 cxb4 14. cxb4 Rc8 15.
Qb3 Be6 16. b5 Qc7 17. Bb2 Nd7 18. Rac1 Nc5 19. Qc2 f5 20. exf5 Bxf5 21. Qc3 Nd3
22. Ne4 Nxe1 0-1